Περί αλήθειας και ψεύδους υπό εξωηθική έννοια τρία δοκίμια
Αποθηκεύτηκε σε:
| Κύριος συγγραφέας: | |
|---|---|
| Άλλοι συγγραφείς: | , |
| Μορφή: | Βιβλίο |
| Γλώσσα: | Greek |
| Δημοσίευση: |
Θεσσαλονίκη :
Βάνιας,
1991
|
| Σειρά: | Φιλοσοφική έρευνα
|
| Θέματα: | |
| Ετικέτες: |
Προσθήκη ετικέτας
Δεν υπάρχουν, Καταχωρήστε ετικέτα πρώτοι!
|
MARC
| LEADER | 00000nam a2200000 i 4500 | ||
|---|---|---|---|
| 001 | 1/9292 | ||
| 008 | 970207s1991 gre d | ||
| 035 | |l 10017419 | ||
| 040 | |a GR-MY-UA |b gre |e aacr | ||
| 041 | 0 | |a gre | |
| 082 | 0 | |a 190 | |
| 100 | 1 | |a Nietzsche, Friedrich Wilhelm, |d 1844-1900. | |
| 245 | 1 | 0 | |a Περί αλήθειας και ψεύδους υπό εξωηθική έννοια / |b τρία δοκίμια / |c Friedrich Nietzsche. Καθορισμός και ερμηνεία στη φιλοσοφία του Nietzsche : |c Josef Simon ; Πρόλογος-Μετάφραση Θεόδωρος Πενολίδης |
| 260 | |a Θεσσαλονίκη : |b Βάνιας, |c 1991 | ||
| 300 | |a 133 σ. | ||
| 490 | 1 | |a Φιλοσοφική έρευνα | |
| 600 | 1 | 0 | |a Nietzsche, Friedrich Wilhelm, |d 1844-1900. |
| 650 | 0 | 0 | |a Philosophy. |
| 700 | 1 | |a Simon, Josef |d 1930- | |
| 700 | 1 | |a Πενολίδης, Θεόδωρος. |4 trl | |
| 774 | 1 | |t Η αλήθεια και η ερμηνεία | |
| 830 | 0 | |a Φιλοσοφική έρευνα | |
| 852 | |a INST |b LESVOS |e 19970207 |h 190 NIE |p 005100012088 |q 005100012088 |t BK |y 0 | ||
| 909 | |a Λ |b 026328 | ||